Top 50 Baby Boy Names Beginning with Z - Statistics

General Stats
  • This quiz has been taken 312 times
  • The average score is 20 of 50
Answer Stats
Hint Answer % Correct
30 Zack
97%
44 Zacari
93%
1 Zachary
93%
24 Zackary
93%
26 Zakari
93%
7 Zayne
91%
10 Zachariah
73%
39 Zakaria
73%
20 Zechariah
73%
12 Zain
66%
4 Zane
66%
6 Zayn
66%
5 Zander
62%
19 Zey
60%
2 Zion
58%
46 Zyion
58%
25 Zyon
58%
45 Zade
57%
13 Zaid
57%
15 Zayd
57%
28 Zen
47%
49 Zaden
43%
9 Zaiden
43%
38 Zaidyn
43%
3 Zayden
43%
16 Zavier
42%
14 Zeke
42%
27 Zeus
28%
11 Zaire
26%
43 Ziaire
26%
8 Zyaire
26%
21 Zyaire
26%
35 Zaylen
17%
31 Ziggy
16%
29 Zephyr
15%
47 Zian
12%
42 Zyan
12%
33 Zephaniah
10%
17 Zahir
7%
22 Zamir
7%
23 Zavan
7%
36 Zeppelin
7%
37 Zymir
7%
34 Zayvion
6%
18 Zakai
4%
41 Zamari
3%
50 Zuriel
3%
32 Zakariva
1%
40 Zayion
1%
48 Zyir
1%
No matching quizzes found
Score Distribution
Percent of People with Each Score
Percentile by Number Answered
Your Score History
You have not taken this quiz